| 000 | 00824nam a2200217Ii 4500 | ||
|---|---|---|---|
| 003 | JO-AjNU | ||
| 008 | 230605s9999||||xx |||||||||||||| ||und|| | ||
| 017 | _a2004/19960 | ||
| 020 | _a977-327-532-9 | ||
| 040 |
_aJO-AjNU _bara _erda _cJO-AjNU |
||
| 041 | _aara | ||
| 050 | 1 | 4 | _aHF1359 .M877. 2005 |
| 100 | 3 |
_aالمرسي،كمال الدين عبد الغني, _eauthor _916568 |
|
| 245 | 0 | 0 | _aالخروج من فخ العولمة = Out of the globalization trap |
| 264 | 3 | 1 | _aالاسكندرية:دار الوفاء لدنيا الطباعة والنشر؛2005 |
| 300 |
_a231ص _bيحتوي على ببلوغرافية من ص221-231ص |
||
| 336 |
_atext _btxt _2rdacontent |
||
| 337 |
_aunmediated _bn _2rdamedia |
||
| 338 |
_avolume _bnc _2rdacarrier |
||
| 650 | 4 |
_aالعولمة-السياسة الدولية _916569 |
|
| 999 |
_aA4941 _c8509 _d8509 |
||